Responses for Show #7927 - Tuesday, February 12, 2019

Eric R. Backes game 2.

Contestants

[<< previous game]

Ellen Clark, a sales support specialist from Virginia Beach, Virginia

Rob Williams, a renewable energy manager from Portland, Oregon

Eric R. Backes, an attorney and government relations professional from Round Rock, Texas (whose 1-day cash winnings total $48,001)

[next game >>]

Jeopardy! Round responses

PEACEFUL GUNS
QUOTED IN THE OED
COUNTRIES OF THE WORLD
SAME DAY
BUGS BUNNY CARTOONS
ANIMAL FAKERS
    $200 11
a radar gun

Rob
    $200 14
The Times of London

Eric
    $200 5
Brazil

Ellen
    $200 17
surfing

Rob
    $200 1
"What's up, Doc?"

Eric
    $200 19
dragonfly

Eric
    $400 12
fires

Eric
    $400 25
Dickens

Rob
    $400 6
Cuba

Rob
    $400 18
Netflix

Ellen
    $400 2
carrots

Eric
    $400 21
a koala

Eric
    $600 13
lug nuts

Rob
    $3,000 27
the Encyclopedia Britannica

Eric
    $600 7
Poland

Rob
    $600 20
an extra

Ellen
    $600 3
Wile E. Coyote

Eric
    $600 23
a bald eagle

Ellen
    $800 15
a T-shirt cannon

Rob
    $800 28
Shakespeare

Ellen
    $800 8
Thailand

Eric
    $800 22
(Andy) Griffith

Eric
    $800 4
(Eric: Who is Friz Freleng?)

Daffy Duck

EricRob
    $800 24
an eel

Eric
    $1000 16
a grease gun

Rob
    $1000 10
Swaziland

Eric
    $1000 26
(Alex: With less than a minute to go now.)

Thanksgiving and Hanukkah

Eric
    $1000 9
Marvin Martian

Rob
    $1000 29
[The end-of-round signal sounds.]

krill

Eric

Scores at the first commercial break (after clue 15):

Eric Rob Ellen
$2,800 $4,400 $200

Scores at the end of the Jeopardy! Round:

Eric Rob Ellen
$10,000 $6,000 $2,600

Double Jeopardy! Round responses

FAMOUS "N"AMES
TOP 10 TUNES
HIP TO BE SQUARE
MIRACLE MEDS
CLASSIC ADVENTURE NOVELS
FINAL JEOPARDY
    $400 1
(Ralph) Nader

Eric
    $400 20
girls just want to have fun

Eric
    $400 21
square one

Eric
    $400 2
a steroid

Ellen
    $400 28
Africa

Eric
    $400 11
closing

Rob
    $800 7
Nostradamus

Rob
    $800 22
Ibiza

Eric
    $800 16
Paris

Eric
    $800 3
transplants

Ellen
    $800 29
Conan the Conqueror

Triple Stumper
    $800 12
Waterloo

Ellen
    $1200 8
(Eliot) Ness

Eric
    $1200 23
"Faith"

Eric
    $1200 17
three

Ellen
    $1200 4
chemotherapy

Rob
    $1200 30
Journey to the Center of the Earth

Eric
    $1200 13
Chapter 7

Eric
    $3,300 9
(Florence) Nightingale

Eric
    $1600 26
the Chainsmokers

Rob
    $1600 24
Foursquare

Ellen
    $1600 5
(Rob: What is Xarelto?)

Zoloft

EricRob
    $1600 27
(Horatio) Hornblower

Eric
    $1600 14
(Eric: What is eliminate?)

annihilate

Eric
Triple Stumper
    $2000 10
(Chester) Nimitz

Rob
    $2000 25
(Alex: With a minute to go.)

"It's Not Unusual"

Ellen
    $2000 18
(Rob: What are perfect squares?)

square roots

Rob
Triple Stumper
    $2000 6
AZT

Rob
    $3,000 19
(Alex: Ellen?)
(Ellen: Who is Blue Blood?)

Captain Blood

Ellen
    $2000 15
denouement

Eric

Scores at the end of the Double Jeopardy! Round:

Eric Rob Ellen
$24,900 $10,400 $6,400
(lock game)

[wagering suggestions for these scores]

Final Jeopardy! Round responses

ISLANDS
EllenWhat is Bermuda?
$4,001
RobWhat is Bermuda?
$2,401
EricWhat is Bermuda?
$4,000
Bermuda

Final scores:

Eric Rob Ellen
$28,900 $12,801 $10,401
2-day champion: $76,901 2nd place: $2,000 3rd place: $1,000

Game dynamics:

Coryat scores:

Eric Rob Ellen
$20,800 $10,400 $9,400
28 R
(including 2 DDs),
2 W
16 R,
2 W
11 R,
1 W
(including 1 DD)

Combined Coryat: $40,600

[game clues] [game scores] [suggest correction]

Game tape date: 2019-01-15
The J! Archive is created by fans, for fans. Scraping, republication, monetization, and malicious use prohibited; this site may use cookies and collect identifying information. See terms. The Jeopardy! game show and all elements thereof, including but not limited to copyright and trademark thereto, are the property of Jeopardy Productions, Inc. and are protected under law. This website is not affiliated with, sponsored by, or operated by Jeopardy Productions, Inc. Join the discussion at JBoard.tv.